XXIII. international conference on coordination and bioinorganic chemistry : new trends in coordination, bioinorganic, and applied inorganic chemistry ; book of abstracts, Smolenice, June 5 - 10, 2011 /
Saved in:
| Other Authors: | , , |
|---|---|
| Format: | Book |
| Language: | English |
| Published: |
Bratislava :
Slovak University of Technology Press,
2011
|
| Edition: | [1st ed.] |
| Subjects: | |
| ISBN: | 9788022735094 |
| ISSN: | 1335-308X |
| Online Access: |
|
| Tags: |
Add Tag
No Tags, Be the first to tag this record!
|
MARC
| LEADER | 00000nam a2200000 4500 | ||
|---|---|---|---|
| 003 | SK-BrCVT | ||
| 005 | 20250619104749.0 | ||
| 006 | a e a 111 0 | ||
| 008 | 111118s2011 xo e a 111 0eng#d | ||
| 020 | |a 9788022735094 |q (brož.) |c 8,06 | ||
| 022 | |a 1335-308X | ||
| 035 | |a CVTIDW0009536 | ||
| 040 | |a CVTISR |b slo |c CVTISR |e AACR2 | ||
| 041 | 0 | |a eng | |
| 044 | |a xo |c SK | ||
| 080 | |a 54-386 |2 2008 | ||
| 080 | |a 577.118 |2 2008 | ||
| 245 | 0 | 7 | |a XXIII. international conference on coordination and bioinorganic chemistry : |b new trends in coordination, bioinorganic, and applied inorganic chemistry ; book of abstracts, Smolenice, June 5 - 10, 2011 / |c [editors: Milan Melník, Peter Segľa, Miroslav Tatarko] |
| 250 | |a [1st ed.] | ||
| 260 | |a Bratislava : |b Slovak University of Technology Press, |c 2011 | ||
| 300 | |a 170 s. : |b lit., obr. ; |c 25 cm + |e 1 CD-ROM | ||
| 500 | |a 70th anniversary of the Department of Inorganic Chemistry, Slovak University of Technology | ||
| 653 | 1 | |a koordinačná chémia | |
| 653 | 1 | |a bioanorganická chémia | |
| 653 | 1 | |a anorganická chémia | |
| 655 | 7 | |a zborníky |2 SNKPH | |
| 700 | 1 | |a Melník, Milan |d 1938- |4 edt | |
| 700 | 1 | |a Segľa, Peter |4 edt | |
| 700 | 1 | |a Tatarko, Miroslav, |d 1971- |4 edt | |
| 852 | |a CVTISR |b 1 | ||
| 910 | |b A614733 | ||
| 919 | |a 978-80-227-3509-4 | ||
| 959 | |a 12 | ||
| 974 | |a katarina.repata |f Knihy |b Katarína Repatá | ||
| 992 | |a AZN | ||
| 999 | |c 177105 |d 177105 | ||

